Central Library OPAC University of Rajshahi

Evaluation of Vigour Tests in Chickpea Seeds : (Record no. 83926)

MARC details
000 -LEADER
fixed length control field 00961nam a2200241 a 4500
001 - CONTROL NUMBER
RUCL Control Number 83926
003 - CONTROL NUMBER IDENTIFIER
rucl marc code BD-RjUL
005 - DATE AND TIME OF LATEST TRANSACTION
control field 20240627111640.0
008 - FIXED-LENGTH DATA ELEMENTS--GENERAL INFORMATION
fixed length control field 240627s2007 bg a|||| m||| 00| 0 eng d
035 ## - SYSTEM CONTROL NUMBER
system control number (BD-RjUL)83926
040 ## - CATALOGING SOURCE
Original cataloging agency BD-RjUL
Language of cataloging eng
Transcribing agency BD-RjUL
Modifying agency BD-RjUL
041 ## - LANGUAGE CODE
Language code of Book eng
082 ## - DEWEY DECIMAL CLASSIFICATION NUMBER
DDC Edition number 23
Classification number 635.657
Author mark and Year NAE 2007
100 ## - MAIN ENTRY--PERSONAL NAME
Personal name Naz, Atika
9 (RLIN) 13362
245 10 - TITLE STATEMENT
Title Evaluation of Vigour Tests in Chickpea Seeds :
Remainder of title Relationship of Aging, Cold and Germination Tests to Field Performance /
Statement of responsibility, etc By Atika Naz ;
Name of Supervisor/Co-Supervisor Supervisor : Golam Kabir
260 ## - PUBLICATION, DISTRIBUTION, ETC. (IMPRINT)
Place of publication, distribution, etc Rajshahi :
Name of publisher, distributor, etc Department of Agronomy and Agricultural Extension, University of Rajshahi,
Date of publication, distribution, etc 2007
300 ## - PHYSICAL DESCRIPTION
Pagination xiv, 326 Leaves :
Other physical details ill, ;
Dimensions 29 cm.
502 ## - DISSERTATION NOTE
Dissertation note Thesis (Ph. D.) -- Department of Agronomy and Agricultural Extension, University of Rajshahi, 2007
504 ## - BIBLIOGRAPHY, ETC. NOTE
Bibliography, etc References : Leaves [293]-310
650 ## - SUBJECT ADDED ENTRY--TOPICAL TERM
Topical term or geographic name as entry element Chickpea
Form subdivision Evaluation
9 (RLIN) 13363
700 ## - ADDED ENTRY--SUPERVISOR/CO-SUPERVISOR NAME
Personal name Kabir, Golam, Supervisor
9 (RLIN) 3775
942 ## - ADDED ENTRY ELEMENTS (KOHA)
Source of classification or shelving scheme Dewey Decimal Classification
Koha item type Theses
Holdings
Source of classification or shelving scheme Damaged status Not for loan Collection code Permanent Location Current Location Shelving location Date of accession Source of acquisition Total Checkouts Full call number Barcode Date last seen Copy number Thesis
Dewey Decimal Classification   Not For Loan Theses Central Library, University of Rajshahi Central Library, University of Rajshahi Documentation Section 26/04/2009 Controller of Exam. R. U.   THE 635.657 NAE 2007 D2940 27/06/2024 C-I Theses